Pays frontaliers de la France - Statistiques

Statistiques générales
  • Ce quiz a été pris 474 fois
  • Le résultat moyen est 9 sur 10
Statistiques - réponses
Longueur de la frontière Pays % Correct
620 km Belgique
98%
623 km Espagne
98%
515 km Italie
98%
448 km Allemagne
97%
573 km Suisse
95%
73 km Luxembourg
92%
57 km Andorre
81%
4 km Monaco
80%
730 km Bresil
72%
510 km Suriname
45%
Aucun quiz correspondant
Distribution des résultats
% des personnes avec chaque résultat
Percentile par nombre de réponses
Votre historique - résultats
Vous n’avez pas pris ce quiz